00897 a2200205 4500003000500000005001700005010001600022020003700038040000900075082001600084100001700100245005100117250001200168260004300180300003400223505033400257650003700591650002900628650003400657Nust20221116164855.0 a 97046601 a3540761748 (Berlin : alk. paper) cNust00a621.366,STE1 aSteen, W. M.10aLaser material processing /cWilliam M. Steen. a2nd ed. aLondon ;aNew York :bSpringer,c1998. axiv, 346 p. :bill. ;c24 cm. aBackground and General Applications (Page-11), Basic Laser Optics (Page-58), Laser Cutting(Page-103), Laser Welding (Page-147), Heat Flow Theory (Page-190), Laser Surface Treatment(Page-218), Rapid prototyping and Low Volume Manufacture (Page-272),Laser Automation and In-Process Sensing (Page-293), Laser Safety (Page-321).  0aLasersxIndustrial applications. 0aPrototypes, Engineering. 0aTelecommunication Engineering